EIA in practice: new challenges in screening and scooping (Record no. 72843)

MARC details
000 -LEADER
fixed length control field 01808cam a2200241 4500
001 - CONTROL NUMBER
control field ABS66809
008 - FIXED-LENGTH DATA ELEMENTS--GENERAL INFORMATION
fixed length control field 111219s2003 000 0 eng u
035 ## - SYSTEM CONTROL NUMBER
System control number (Sirsi) u122565
245 ## - TITLE STATEMENT
Title EIA in practice: new challenges in screening and scooping
260 ## - PUBLICATION, DISTRIBUTION, ETC.
Date of publication, distribution, etc. 2003
490 ## - SERIES STATEMENT
Series statement ENDS Report
Volume/sequential designation (340) May 2003, 25-29(4)
520 ## - SUMMARY, ETC.
Summary, etc. Reports on the Environmental Impact Assessment (EIA) process and the problems that some local authorities are experiencing with the new screening and scoping procedures. Outlines the key requirements of Directive 85/337/EEC and explains the changes brought in by the amended directive which introduced a duty on local authorities to carry out formal screening of Annex II projects. Highlights the growing number of projects passing through the EIA process and suggests that this is a result of the amended directive, high-profile legal cases and the impact of the energy sector. Despite this increase in EIA activity, a lack of experience prevails among many planning authorities as demonstrated by new research from Oxford Brookes University's Impacts Assessment Unit. Presents the findings of the research and concludes by discussing the quality of environmental statements. Also looks at EIA as business for environmental consultancies. Tables.
590 ## - LOCAL NOTE (RLIN)
Local note ABS
650 ## - SUBJECT ADDED ENTRY--TOPICAL TERM
Topical term or geographic name entry element ENVIRONMENTAL IMPACT ASSESSMENTS
650 ## - SUBJECT ADDED ENTRY--TOPICAL TERM
Topical term or geographic name entry element DIRECTIVE 85/337/EEC
650 ## - SUBJECT ADDED ENTRY--TOPICAL TERM
Topical term or geographic name entry element TOWN AND COUNTRY PLANNING (ENVIRONMENTAL IMPACT ASSESSMENT) (ENGLAND AND WALES) REGULATIONS 1999
650 ## - SUBJECT ADDED ENTRY--TOPICAL TERM
Topical term or geographic name entry element PLANNING AUTHORITIES
650 ## - SUBJECT ADDED ENTRY--TOPICAL TERM
Topical term or geographic name entry element ENVIRONMENTAL STATEMENTS
650 ## - SUBJECT ADDED ENTRY--TOPICAL TERM
Topical term or geographic name entry element DEVELOPMENT PROJECTS
690 ## - LOCAL SUBJECT ADDED ENTRY--TOPICAL TERM (OCLC, RLIN)
Topical term or geographic name as entry element ENVIRONMENT-AUDIT/ASSESSMENT
856 ## - ELECTRONIC LOCATION AND ACCESS
Uniform Resource Identifier <a href="https://www.brookes.ac.uk/schools/planning/iau/ESRC2.htm">https://www.brookes.ac.uk/schools/planning/iau/ESRC2.htm</a>
Public note View the research findings free of charge at www.brookes.ac.uk
942 ## - ADDED ENTRY ELEMENTS (KOHA)
Suppress in OPAC 0
Holdings
Withdrawn status Lost status Source of classification or shelving scheme Damaged status Not for loan Home library Current library Shelving location Date acquired Total Checkouts Full call number Barcode Date last seen Copy number Price effective from Koha item type
    Dewey Decimal Classification     London London Journal article 10/06/2003   ABS66809 122565-1001 06/08/2019 1 06/08/2019 Journal article